000 00337nam a2200133Ia 4500
008 240624s9999 xx 000 0 und d
041 _aeng
082 _a920 CHA
100 _aCHANDRA PRADEEP
245 _aAB THE LEGEND A PHOTOGRAPHER S TRIBUTE
260 _c2006
_aNew Delhi
_bRupa and Company
300 _a210 : p.
365 _cRS
_b25
999 _c17548
_d17548